LEADER 02713oam 2200781 450 001 9910709895003321 005 20180720083311.0 035 $a(CKB)5470000002473302 035 $a(OCoLC)785108337 035 $a(EXLCZ)995470000002473302 100 $a20120408j198709 ua 0 101 0 $aeng 135 $aurbn||||||abp 181 $ctxt$2rdacontent 182 $cc$2rdamedia 183 $acr$2rdacarrier 200 10$aCalculation of viscous effects on transonic flow for oscillating airfoils and comparisons with experiment /$fJames T. Howlett and Samuel R. Bland 210 1$aWashington, D.C. :$cNational Aeronautics and Space Administration, Scientific and Technical Information Office,$dSeptember 1987. 215 $a1 online resource (74 pages) $cillustrations 225 1 $aNASA/TP ;$v2731 300 $a"September 1987." 300 $aPrepared at Langley Research Center. 320 $aIncludes bibliographical references (page 13). 606 $aTransonic flow$2nasat 606 $aViscous flow$2nasat 606 $aComputational fluid dynamics$2nasat 606 $aAirfoils$2nasat 606 $aOscillations$2nasat 606 $aAerodynamics, Transonic 606 $aViscous flow 606 $aUnsteady flow (Aerodynamics) 606 $aOscillating wings (Aerodynamics) 606 $aBoundary layer 606 $aAerodynamics, Transonic$2fast 606 $aBoundary layer$2fast 606 $aOscillating wings (Aerodynamics)$2fast 606 $aUnsteady flow (Aerodynamics)$2fast 606 $aViscous flow$2fast 615 7$aTransonic flow. 615 7$aViscous flow. 615 7$aComputational fluid dynamics. 615 7$aAirfoils. 615 7$aOscillations. 615 0$aAerodynamics, Transonic. 615 0$aViscous flow. 615 0$aUnsteady flow (Aerodynamics) 615 0$aOscillating wings (Aerodynamics) 615 0$aBoundary layer. 615 7$aAerodynamics, Transonic. 615 7$aBoundary layer. 615 7$aOscillating wings (Aerodynamics) 615 7$aUnsteady flow (Aerodynamics) 615 7$aViscous flow. 700 $aHowlett$b James T.$01405307 702 $aBland$b Samuel R. 712 02$aUnited States.$bNational Aeronautics and Space Administration.$bScientific and Technical Information Branch, 712 02$aLangley Research Center. 801 0$bOCLCE 801 1$bOCLCE 801 2$bOCLCQ 801 2$bOCLCO 801 2$bOCLCF 801 2$bOCLCQ 801 2$bGPO 906 $aBOOK 912 $a9910709895003321 996 $aCalculation of viscous effects on transonic flow for oscillating airfoils and comparisons with experiment$93481515 997 $aUNINA LEADER 03265nam 2200445 a 450 001 9910966651603321 005 20250107224755.0 010 0 $a9781444360806 010 0 $a1444360809 035 $a(MiAaPQ)EBC7104643 035 $a(CKB)24989765300041 035 $a(MiAaPQ)EBC965707 035 $a(Au-PeEL)EBL965707 035 $a(CaPaEBR)ebr10580252 035 $a(CaONFJC)MIL385479 035 $a(OCoLC)799766859 035 $a(Perlego)2783524 035 $a(EXLCZ)9924989765300041 100 $a20111020d2012 uy 0 101 0 $aeng 135 $aur||||||||||| 181 $ctxt$2rdacontent 182 $cc$2rdamedia 183 $acr$2rdacarrier 200 14$aThe copywriter's toolkit $ethe complete guide to strategic advertising copy /$fMargo Berman 210 $aChichester, West Sussex, U.K. ;$aMalden, Mass. $cWiley-Blackwell$d2012 215 $axix, 376 p. $cill. (some col.) 320 $aIncludes bibliographical references and index. 327 $aMachine generated contents note: Introduction Acknowledgments Chapter 1. The Persuasive Word: Strategy: The ABC's - Audience, Benefits & Creative Briefs Chapter 2: The Strategic Word: Strategy Categories Chapter 3. The Chosen Word: Writing Techniques Chapter 4: The Sticky Word: Headline and Slogan Techniques Chapter 5. The Written Word: Print (ads, brochures, catalogues) Chapter 6. The Spoken Word: Radio Chapter 7. The Animated Word: TV Chapter 8. The Delivered Word and Abridged Word: Direct Mail, Mobile & Small-Space Writing Chapter 9. The Ambient and Moving Word: Out-of-Home & Transit Chapter 10. The Online Communal Word: Digital Dialogue, Virtual Community, Blogging Chapter 11. The Online Word: Websites Chapter 12. The Buzz Word: Interactive Engagement, Social Media, Viral Marketing Chapter 13. The Multimedia and Multilingual Word: Integrated Campaigns Chapter 14. The Global Word: International Campaigns Suggested Reading. 330 $a"It doesn't matter whether you're a student, novice, or seasoned professional, this book will hone your copywriting skills. Beginning with strategy and technique, each following chapter focuses on writing for a specific medium: from print and broadcast through ambient and digital media. Writing examples are shown using industry standard formats. You'll quickly see how radio scripts differ from TV scripts, how television storyboards are best presented, and how print copy is typed up to facilitate typesetting. Copywriters from global agencies share their writing secrets and offer copy tips for every medium. Special callout boxes will make major points easy to remember and simple to apply. Glossaries are listed in relevant chapters and checklists summarize the principles for fast reference. Written from a real-world perspective by an award-winning copywriter/producer/director, this comprehensive guide is what every writer needs to create powerful, strategic ad copy"--$cProvided by publisher. 606 $aAdvertising copy$vHandbooks, manuals, etc 615 0$aAdvertising copy 676 $a659.13/2 700 $aBerman$b Margo$f1947-$0721081 801 0$bMiAaPQ 801 1$bMiAaPQ 801 2$bMiAaPQ 912 $a9910966651603321 996 $aThe copywriter's toolkit$94351663 997 $aUNINA